[Event "1st 4NCL International Open"]
[Site "Telford"]
[Date "2018.11.03"]
[Round "6"]
[White "Ahluwalia, Amardip"]
[Black "Jukes, Sam"]
[Result "1-0"]
[WhiteElo "2085"]
[BlackElo "1863"]
[Annotator "NA"]
[PlyCount "68"]
[EventDate "2018.10.31"]
[EventType "swiss"]
[EventCountry "GBR"]
[SourceTitle "playchess.com"]
[Source "ChessBase"]
[SourceQuality "1"]
[TimeControl "5400+30"]

1. c4 {[%emt 0:00:00]} b6 {[%emt 0:00:00]} 2. e4 {[%emt 0:00:41]} Bb7 {[%emt 0:00:01]} 3. Nc3 {[%emt 0:00:44]} e6 {[%emt 0:00:21]} 4. Nge2 {[%emt 0:01:27]} Nf6 {[%emt 0:02:57]} 5. d3 {[%emt 0:01:08]} d6 {[%emt 0:01:49]} 6. g3 {[%emt 0:02:43]} Be7 {[%emt 0:00:57]} 7. Bg2 {[%emt 0:00:13]} O-O {[%emt 0:01:46]} 8. O-O {[%emt 0:01:34]} e5 {[%emt 0:01:51]} 9. f4 {[%emt 0:03:19]} c5 {[%emt 0:12:57]} 10. Kh1 {[%emt 0:03:34]} exf4 {[%emt 0:08:25]} 11. gxf4 {[%emt 0:01:26]} Nbd7 {[%emt 0:02:38]} 12. Ng3 {[%emt 0:03:35]} g6 {[%emt 0:04:48]} 13. Rb1 {[%emt 0:07:34]} Bc6 {[%emt 0:05:17]} 14. b3 {[%emt 0:05:13]} h5 {[%emt 0:08:17]} 15. Nd5 {[%emt 0:03:48]} h4 {[%emt 0:05:51]} 16. Ne2 {[%emt 0:01:07]} Rc8 {[%emt 0:06:12]} 17. Nec3 {[%emt 0:05:30]} Bxd5 {[%emt 0:04:52]} 18. cxd5 {[%emt 0:02:47]} a6 {[%emt 0:04:24]} 19. Bb2 {[%emt 0:04:02]} b5 {[%emt 0:01:16]} 20. Qe2 {[%emt 0:02:32]} Qc7 {[%emt 0:04:28]} 21. e5 {[%emt 0:05:46]} dxe5 {[%emt 0:01:48]} 22. fxe5 {[%emt 0:00:39]} Nxe5 {[%emt 0:01:38]} 23. Nxb5 {[%emt 0:00:06]} axb5 {[%emt 0:01:18]} 24. Bxe5 {[%emt 0:00:07]} Bd6 {[%emt 0:02:33]} 25. Bxf6 {[%emt 0:00:30]} Bxh2 {[%emt 0:00:09]} 26. Bxh4 {[%emt 0:00:40]} Rce8 {[%emt 0:00:16]} 27. Qf3 {[%emt 0:01:35]} Re5 {[%emt 0:00:38]} 28. Kxh2 {[%emt 0:01:16]} Rh5+ {[%emt 0:01:00]} 29. Kh3 {[%emt 0:00:33]} f5 {[%emt 0:03:46]} 30. Qg3 {[%emt 0:02:07]} Qh7 {[%emt 0:01:01]} 31. Bf3 {[%emt 0:00:55]} Rh6 {[%emt 0:00:17]} 32. Qg5 {[%emt 0:00:40]} f4 {[%emt 0:00:50]} 33. Rg1 {[%emt 0:00:04]} Kg7 {[%emt 0:00:31]} 34. Rbe1 {[%emt 0:01:04]} Rf5 {[%emt 0:00:24]} 1-0

[Event "1st 4NCL International Open"]
[Site "Telford"]
[Date "2018.11.03"]
[Round "6"]
[White "Ratnesan, Ranesh"]
[Black "Willow, Jonah B"]
[Result "0-1"]
[WhiteElo "1994"]
[BlackElo "2271"]
[Annotator "TA"]
[PlyCount "60"]
[EventDate "2018.10.31"]
[EventType "swiss"]
[EventCountry "GBR"]
[SourceTitle "playchess.com"]
[Source "ChessBase"]
[SourceQuality "1"]

{[%evp 29,60,10,71,-77,-84,-72,-77,-72,-74,-64,-78,-77,-69,-124,-115,-127,-50,-91,-80,-103,-101,-110,0,-97,-35,-221,-219,-381,-381,-349,-323,-690,-676]} 1. d4 Nf6 2. c4 c5 3. d5 e6 4. Nc3 exd5 5. cxd5 d6 6. g3 g6 7. Bg2 Bg7 8. Nf3 O-O 9. O-O a6 10. a4 Nbd7 11. Nd2 Re8 12. h3 Rb8 13. Nc4 Ne5 14. Na3 Nh5 15. e4 f5 {[#] LiveBook: 21 Games} (15... Bd7 $11) 16. f4 $146 {A64: Modern Benoni: Fianchetto Variation: 9...Nbd7 10 Nd2 a6 11 a4 Re8} (16. exf5 $1 $16 {keeps the pressure on.} Nf6 17. fxg6) ({Predecessor:} 16. exf5 Bxf5 17. g4 Bxg4 18. hxg4 Qh4 19. gxh5 Rf8 20. Bg5 Qxg5 21. Ne4 Qh4 22. Qb3 Rf4 23. Rae1 Rbf8 24. Re3 Rg4 25. Rfe1 Rxe4 26. Rxe4 {½-½ (26) Straka,Z (2547)-Neto,H (2617) ICCF email 2013}) 16... Nxg3 $17 17. fxe5 Nxf1 18. Qxf1 {aiming for e6.Black is better.} Bxe5 19. Bf4 Bd4+ 20. Kh1 g5 21. Bh2 ({Better is} 21. Bd2 $15) 21... f4 22. Bf3 Qe7 ({Black should play} 22... Kh8 $17 23. Nc4 Qf6) 23. Qg2 Kh8 24. Nc4 b5 $36 {[%mdl 2048] Black is on the roll.} 25. Na5 {[#] Black must now prevent Nc6.} Bd7 (25... Bxc3 $17 26. Nc6 Qg7 27. Nxb8 Bxb2) 26. Bg1 (26. Nc6 $11 Bxc6 27. dxc6) 26... Be5 (26... Qg7 $17 27. Nc6 Bxc6 28. dxc6 Bxc3 29. bxc3 Qxc3) 27. Bg4 $2 (27. axb5 $15 axb5 28. Nc6 Bxc6 29. dxc6) 27... Bxc3 $19 28. bxc3 $2 (28. Bxd7 Bxa5 29. Bxe8 Qxe8 30. axb5 Rxb5 31. b4 Bxb4 32. Rxa6) 28... Bxg4 29. hxg4 Qxe4 30. Nc6 $2 (30. Qxe4 Rxe4 31. axb5 axb5 32. Nc6) 30... f3 {Precision: White = 29%, Black = 70%.} 0-1

[Event "1st 4NCL International Open"]
[Site "Telford"]
[Date "2018.11.03"]
[Round "6"]
[White "Paul, Nathanael"]
[Black "Zabrocki, Philip"]
[Result "1/2-1/2"]
[WhiteElo "1890"]
[BlackElo "1952"]
[Annotator "NA"]
[PlyCount "62"]
[EventDate "2018.10.31"]
[EventType "swiss"]
[EventCountry "GBR"]
[SourceTitle "playchess.com"]
[Source "ChessBase"]
[SourceQuality "1"]
[TimeControl "5400+30"]

1. e4 {[%emt 0:00:38]} e6 {[%emt 0:00:00]} 2. d4 {[%emt 0:00:16]} d5 {[%emt 0:00:00]} 3. Nc3 {[%emt 0:00:04]} Bb4 {[%emt 0:00:04]} 4. exd5 {[%emt 0:02:25]} exd5 {[%emt 0:00:22]} 5. Bd3 {[%emt 0:00:05]} Nc6 {[%emt 0:00:48]} 6. a3 {[%emt 0:00:04]} Bxc3+ {[%emt 0:00:12]} 7. bxc3 {[%emt 0:00:06]} Nge7 {[%emt 0:01:23]} 8. Qh5 {[%emt 0:08:58]} Be6 {[%emt 0:02:28]} 9. Rb1 {[%emt 0:00:41]} b6 {[%emt 0:10:05]} 10. Ne2 {[%emt 0:01:20]} Qd7 {[%emt 0:00:36]} 11. h3 {[%emt 0:00:20]} Bf5 {[%emt 0:01:46]} 12. g4 {[%emt 0:04:48]} Bxd3 {[%emt 0:04:38]} 13. cxd3 {[%emt 0:01:29]} Qe6 {[%emt 0:03:09]} 14. Bf4 {[%emt 0:02:41]} O-O-O {[%emt 0:02:07]} 15. Kd2 {[%emt 0:03:10]} h6 {[%emt 0:07:19]} 16. Be3 {[%emt 0:00:07]} g5 {[%emt 0:05:04]} 17. h4 {[%emt 0:01:07]} f6 {[%emt 0:08:33]} 18. hxg5 {[%emt 0:06:22]} hxg5 {[%emt 0:04:40]} 19. Qxh8 {[%emt 0:00:15]} Rxh8 {[%emt 0:00:10]} 20. Rxh8+ {[%emt 0:00:05]} Kb7 {[%emt 0:00:51]} 21. Rh6 {[%emt 0:07:10]} Ng8 {[%emt 0:01:44]} 22. Rh8 {[%emt 0:00:40]} Nge7 {[%emt 0:00:42]} 23. Rh6 {[%emt 0:07:19]} Ng8 {[%emt 0:00:21]} 24. Rhh1 {[%emt 0:00:06]} Na5 {[%emt 0:03:00]} 25. f4 {[%emt 0:03:56]} Qe7 {[%emt 0:03:39]} 26. fxg5 {[%emt 0:01:01]} Qxa3 {[%emt 0:01:09]} 27. Ke1 {[%emt 0:01:24]} Qe7 {[%emt 0:00:59]} 28. Kf2 {[%emt 0:00:26]} fxg5 {[%emt 0:00:17]} 29. Rh5 {[%emt 0:01:03]} Qf7+ {[%emt 0:03:27]} 30. Kg2 {[%emt 0:00:29]} Qe6 {[%emt 0:00:14]} 31. Kf3 {[%emt 0:03:24]} Qf7+ {[%emt 0:01:12]} 1/2-1/2

[Event "1st 4NCL International Open"]
[Site "Telford"]
[Date "2018.11.03"]
[Round "6"]
[White "Guha, Chirag"]
[Black "Clark, Robert G"]
[Result "0-1"]
[WhiteElo "1887"]
[BlackElo "2025"]
[Annotator "NA"]
[PlyCount "138"]
[EventDate "2018.10.31"]
[EventType "swiss"]
[EventCountry "GBR"]
[SourceTitle "playchess.com"]
[Source "ChessBase"]
[SourceQuality "1"]
[TimeControl "5400+30"]

1. d4 {[%emt 0:00:00]} Nf6 {[%emt 0:00:00]} 2. c4 {[%emt 0:00:40]} c5 {[%emt 0:00:33]} 3. d5 {[%emt 0:00:00]} e6 {[%emt 0:00:09]} 4. Nc3 {[%emt 0:00:00]} exd5 5. cxd5 d6 {[%emt 0:00:16]} 6. e4 {[%emt 0:00:00]} g6 {[%emt 0:00:19]} 7. Nf3 {[%emt 0:00:00]} Bg4 {[%emt 0:00:31]} 8. h3 {[%emt 0:04:39]} Bxf3 {[%emt 0:00:27]} 9. Qxf3 {[%emt 0:00:03]} Bg7 {[%emt 0:00:35]} 10. Bd3 {[%emt 0:00:34]} a6 {[%emt 0:00:40]} 11. a4 {[%emt 0:01:07]} O-O {[%emt 0:00:15]} 12. O-O {[%emt 0:00:31]} Nbd7 {[%emt 0:00:23]} 13. Bf4 {[%emt 0:02:52]} Qe7 {[%emt 0:16:22]} 14. Qe2 {[%emt 0:18:23]} Rfe8 {[%emt 0:05:39]} 15. Rae1 {[%emt 0:03:52]} Rab8 {[%emt 0:03:48]} 16. Nd1 {[%emt 0:09:34]} Ne5 {[%emt 0:02:42]} 17. Bxe5 {[%emt 0:05:57]} Qxe5 {[%emt 0:01:33]} 18. Ne3 {[%emt 0:02:18]} Qd4 {[%emt 0:04:18]} 19. Nc4 {[%emt 0:01:10]} Nxd5 {[%emt 0:04:16]} 20. Bb1 {[%emt 0:18:58]} Nf4 {[%emt 0:07:21]} 21. Qc2 {[%emt 0:08:18]} b5 {[%emt 0:03:14]} 22. axb5 {[%emt 0:02:14]} axb5 {[%emt 0:01:20]} 23. Ne3 {[%emt 0:00:10]} Qxb2 {[%emt 0:02:23]} 24. Qd1 {[%emt 0:00:12]} Be5 {[%emt 0:03:13]} 25. g3 {[%emt 0:04:56]} Nxh3+ {[%emt 0:08:39]} 26. Kg2 {[%emt 0:00:21]} Ng5 {[%emt 0:00:14]} 27. Re2 {[%emt 0:00:42]} Qb4 {[%emt 0:06:21]} 28. f4 {[%emt 0:01:35]} Nxe4 {[%emt 0:09:01]} 29. Nd5 {[%emt 0:01:42]} Nc3 {[%emt 0:03:25]} 30. Nxb4 {[%emt 0:03:02]} Nxd1 {[%emt 0:00:04]} 31. Rxd1 {[%emt 0:01:10]} Bc3 {[%emt 0:03:12]} 32. Rxe8+ {[%emt 0:00:10]} Rxe8 {[%emt 0:00:05]} 33. Nd5 {[%emt 0:00:49]} Bd4 {[%emt 0:01:05]} 34. Rxd4 {[%emt 0:04:33]} Re1 {[%emt 0:05:58]} 35. Rd2 {[%emt 0:02:18]} Rxb1 {[%emt 0:00:21]} 36. Nf6+ {[%emt 0:00:03]} Kg7 {[%emt 0:02:08]} 37. Ne8+ {[%emt 0:00:14]} Kf8 {[%emt 0:00:13]} 38. Nxd6 {[%emt 0:00:39]} c4 {[%emt 0:00:51]} 39. Rc2 {[%emt 0:02:09]} Ke7 {[%emt 0:00:49]} 40. Ne4 {[%emt 0:02:53]} h6 {[%emt 0:02:03]} 41. Kf3 {[%emt 0:00:21]} Rb3+ {[%emt 0:00:20]} 42. Kf2 {[%emt 0:00:38]} f5 {[%emt 0:01:17]} 43. Nd2 {[%emt 0:00:42]} Rb4 {[%emt 0:03:01]} 44. Ke3 {[%emt 0:00:12]} g5 {[%emt 0:00:27]} 45. Kf3 {[%emt 0:01:07]} Kd6 {[%emt 0:00:42]} 46. Ke3 {[%emt 0:00:35]} Ra4 {[%emt 0:00:45]} 47. Rc3 {[%emt 0:00:19]} Kd5 {[%emt 0:01:09]} 48. fxg5 {[%emt 0:00:39]} hxg5 {[%emt 0:00:04]} 49. Nf3 {[%emt 0:00:32]} b4 {[%emt 0:00:27]} 50. Rc1 {[%emt 0:00:20]} Ra3+ {[%emt 0:00:01]} 51. Ke2 {[%emt 0:00:23]} g4 {[%emt 0:00:20]} 52. Nd2 {[%emt 0:00:17]} c3 {[%emt 0:00:46]} 53. Nb1 {[%emt 0:00:58]} Ra2+ {[%emt 0:00:10]} 54. Ke3 {[%emt 0:00:29]} Rg2 {[%emt 0:00:25]} 55. Kf4 {[%emt 0:00:27]} Rf2+ {[%emt 0:00:05]} 56. Ke3 {[%emt 0:00:25]} Rf3+ {[%emt 0:00:15]} 57. Ke2 {[%emt 0:00:09]} Rxg3 {[%emt 0:00:37]} 58. Rd1+ {[%emt 0:00:21]} Kc4 {[%emt 0:00:28]} 59. Rf1 {[%emt 0:00:23]} Rg2+ {[%emt 0:01:30]} 60. Ke3 {[%emt 0:00:10]} Rb2 {[%emt 0:00:01]} 61. Rg1 {[%emt 0:00:52]} Kb3 {[%emt 0:01:10]} 62. Kd3 {[%emt 0:00:21]} Rh2 {[%emt 0:00:18]} 63. Rf1 {[%emt 0:00:40]} Rh3+ {[%emt 0:00:22]} 64. Kd4 {[%emt 0:00:26]} Rf3 {[%emt 0:00:49]} 65. Re1 {[%emt 0:00:35]} g3 {[%emt 0:00:25]} 66. Rg1 {[%emt 0:00:44]} f4 {[%emt 0:00:21]} 67. Ke4 {[%emt 0:00:11]} Rf2 {[%emt 0:00:20]} 68. Kd3 {[%emt 0:00:14]} g2 {[%emt 0:00:25]} 69. Nxc3 {[%emt 0:00:18]} bxc3 {[%emt 0:00:56]} 0-1

[Event "1st 4NCL International Open"]
[Site "Telford"]
[Date "2018.11.03"]
[Round "6"]
[White "Akeya-Price, Robert"]
[Black "Gibson, Christopher A"]
[Result "1/2-1/2"]
[WhiteElo "1730"]
[BlackElo "1924"]
[Annotator "NA"]
[PlyCount "59"]
[EventDate "2018.10.31"]
[EventType "swiss"]
[EventCountry "GBR"]
[SourceTitle "playchess.com"]
[Source "ChessBase"]
[SourceQuality "1"]
[TimeControl "5400+30"]

1. d4 {[%emt 0:00:00]} Nf6 {[%emt 0:00:00]} 2. c4 {[%emt 0:00:00]} g6 {[%emt 0:00:00]} 3. Nc3 {[%emt 0:00:00]} Bg7 {[%emt 0:00:00]} 4. e4 {[%emt 0:00:00]} d6 {[%emt 0:00:00]} 5. f3 {[%emt 0:00:06]} O-O {[%emt 0:00:00]} 6. Be3 {[%emt 0:00:10]} c5 {[%emt 0:01:01]} 7. dxc5 {[%emt 0:06:21]} dxc5 {[%emt 0:00:18]} 8. Qxd8 {[%emt 0:00:06]} Rxd8 {[%emt 0:00:05]} 9. Bxc5 {[%emt 0:00:06]} Nc6 {[%emt 0:00:11]} 10. Nd5 {[%emt 0:00:12]} Nd7 {[%emt 0:01:58]} 11. Bxe7 {[%emt 0:00:15]} Nxe7 {[%emt 0:01:29]} 12. Nxe7+ {[%emt 0:00:06]} Kf8 {[%emt 0:00:22]} 13. Nd5 {[%emt 0:00:27]} Ne5 {[%emt 0:26:27]} 14. Rd1 {[%emt 0:25:23]} Be6 {[%emt 0:02:06]} 15. b3 {[%emt 0:04:42]} Nc6 {[%emt 0:05:45]} 16. Ne2 {[%emt 0:02:35]} Bxd5 {[%emt 0:09:47]} 17. cxd5 {[%emt 0:10:45]} Nb4 {[%emt 0:01:14]} 18. g3 {[%emt 0:15:53]} Nxa2 {[%emt 0:09:20]} 19. Bh3 {[%emt 0:01:08]} a5 {[%emt 0:04:39]} 20. O-O {[%emt 0:05:34]} b5 {[%emt 0:05:18]} 21. f4 {[%emt 0:11:39]} Nc3 {[%emt 0:05:00]} 22. Nxc3 {[%emt 0:00:20]} Bxc3 {[%emt 0:00:04]} 23. Rd3 {[%emt 0:00:38]} b4 {[%emt 0:02:15]} 24. e5 {[%emt 0:02:55]} a4 {[%emt 0:05:00]} 25. bxa4 {[%emt 0:00:14]} Rxa4 {[%emt 0:00:12]} 26. d6 {[%emt 0:01:14]} Ra1 {[%emt 0:05:49]} 27. Rxa1 {[%emt 0:01:08]} Bxa1 {[%emt 0:00:02]} 28. Rb3 {[%emt 0:02:57]} Bc3 {[%emt 0:01:41]} 29. Kf2 {[%emt 0:06:41]} f5 {[%emt 0:05:53]} 30. d7 {[%emt 0:02:10]} 1/2-1/2

[Event "1st 4NCL International Open"]
[Site "Telford"]
[Date "2018.11.03"]
[Round "7"]
[White "Korneev, Oleg"]
[Black "Ravi, Teja S."]
[Result "1/2-1/2"]
[WhiteElo "2560"]
[BlackElo "2357"]
[Annotator "TA"]
[PlyCount "36"]
[EventDate "2018.10.31"]
[EventType "swiss"]
[EventCountry "GBR"]
[SourceTitle "playchess.com"]
[Source "ChessBase"]
[SourceQuality "1"]

{[%evp 20,36,27,-23,-10,-4,-4,-32,-25,-10,-24,-29,-32,-32,-37,-43,-38,-121,-116]} 1. e4 c6 2. c4 d5 3. exd5 cxd5 4. cxd5 Nf6 5. Nc3 Nxd5 6. Nf3 Nc6 7. d4 e6 8. Bc4 Bb4 9. Qd3 O-O 10. O-O Be7 11. a3 Nxc3 {D40: Queen's Gambit Declined: Semi-Tarrasch with 5 e3} 12. bxc3 b6 13. Bb3 (13. h4 Bb7 14. Ng5 Bxg5 15. Bxg5 Qd6 16. Ba2 e5 17. Qg3 h6 18. dxe5 Qxe5 19. Bf4 {1-0 (37) Lerner,K (2542)-Soffer,R (2475) Israel 2009}) 13... Bb7 {Black is slightly better.} 14. Bc2 {[%csl Gc2][%cal Rd3h7] [#]} g6 $1 15. Bh6 Re8 16. c4 $146 ({Predecessor:} 16. Rfe1 Qd5 17. Qd2 Rac8 18. Qf4 Qd6 19. Ne5 Nxe5 20. dxe5 {0-1 (41) Prates,F (2220)-Miranda,M (2295) Rio de Janeiro 1995}) 16... Bf6 {[%cal Rc6d4]} 17. Rad1 e5 {[%cal Be6e5,Be5e4][%mdl 32]} 18. d5 {[#]} (18. Nxe5 $15 Nxe5 19. dxe5 Rxe5 20. Qd6) 18... e4 $1 1/2-1/2

[Event "1st 4NCL International Open"]
[Site "Telford"]
[Date "2018.11.03"]
[Round "7"]
[White "Turner, Matthew J"]
[Black "Fernandez, Daniel Howard"]
[Result "1/2-1/2"]
[WhiteElo "2536"]
[BlackElo "2461"]
[Annotator "TA"]
[PlyCount "157"]
[EventDate "2018.10.31"]
[EventType "swiss"]
[EventCountry "GBR"]
[SourceTitle "playchess.com"]
[Source "ChessBase"]
[SourceQuality "1"]

{[%evp 11,157,-8,-8,-8,-5,-14,0,-16,96,101,134,133,127,117,125,132,121,131,148,145,184,151,134,136,125,126,134,124,179,168,165,115,166,154,194,193,188,189,187,185,217,215,216,216,225,234,287,285,284,283,283,283,266,196,289,215,236,218,217,196,196,194,202,196,177,184,194,195,214,229,229,217,377,367,356,345,413,375,429,366,877,882,814,792,9925,9649,5125,1006,29944,9135,6139,8675,5125,5103,5035,2218,2150,1837,1750,120,120,120,120,120,120,120,120,126,126,120,120,120,120,120,120,120,120,120,120,120,120,120,120,120,120,120,120,120,120,120,120,120,120,0,120,120,120,120,120,120,120,120,120,120,120,0,120,120]} 1. d4 e6 2. Nf3 c5 3. c3 Nf6 4. Bg5 Qb6 5. Qb3 Ne4 6. Qxb6 {A46: Damenbauernspiele} (6. Be3 d5 7. dxc5 Nxc5 8. Bxc5 Bxc5 9. e3 Nc6 10. Nbd2 O-O 11. Be2 Rd8 12. O-O e5 13. e4 Be6 14. exd5 Bxd5 {1-0 (77) Rakhmanov,A (2669)-Dzhumagaliev,Y (2400) Sochi 2017}) 6... axb6 {LiveBook: 3 Partien} 7. Bf4 d5 8. Nbd2 $146 {Die Stellung ist ausgeglichen.} ({Vorgänger:} 8. e3 c4 9. Nbd2 Nxd2 10. Kxd2 Nc6 11. Be2 b5 12. a3 f6 13. h4 Bd7 {1-0 (37) Onkoud,A (2288)-Yacob,F (2195) France 2003}) 8... Bd6 9. g3 Bd7 (9... Bxf4 $11 {bleibt in der Remisbreite.} 10. gxf4 Nc6) 10. Nxe4 $1 $16 dxe4 11. Bxd6 exf3 12. dxc5 Bc6 {...fxe2 ist eine echte Drohung.} 13. exf3 Bxf3 14. Bb5+ Nc6 15. O-O O-O-O 16. Rfe1 bxc5 17. Bxc5 Rd2 18. Rab1 Bh5 19. Be3 Rd5 (19... Rdd8 $16 {kämpft weiter.} 20. Bxc6 bxc6) 20. Bc4 $18 Rd7 21. f4 Kc7 (21... Ne7 $16) 22. a4 Bg6 23. Ra1 $1 Bd3 24. Bxd3 Rxd3 25. a5 Ne7 26. Rad1 Rxd1 27. Rxd1 {[%mdl 4096] Endspiel KTL-KTS} Nd5 28. Bd4 f6 29. c4 Nb4 30. Bc5 Na6 31. Bd6+ Kc8 32. Ba3 Re8 (32... Nb8 $142 33. Bc5 Re8) 33. Kf2 e5 34. f5 Nb8 35. Bb4 Nc6 36. Bc3 Ne7 37. g4 h5 38. h3 {[%cal Bh2h3,Bh3g4][%mdl 32]} ({Lieber nicht} 38. gxh5 Rh8 $11) 38... hxg4 39. hxg4 Rh8 40. Kg3 Kc7 41. b4 {[%cal Bb2b4,Bb4b5][%mdl 32]} Nc8 $2 (41... g6 42. fxg6 Nxg6) 42. b5 Nd6 {Droht ...Se4+ und aus.} 43. Be1 Rc8 44. Bb4 Nxc4 45. Rc1 Kd7 $2 (45... Kb8 46. b6 e4) 46. a6 bxa6 47. bxa6 Nb6 48. Rxc8 Kxc8 {KL-KS} 49. Bd6 (49. Bf8 $142 Nd5 50. Bxg7) 49... Kd7 50. Bf8 Kc6 51. Bxg7 Nd5 52. Kf3 Kb6 53. Ke4 Nc3+ 54. Kd3 Nd5 {[#]} 55. Bh6 $2 (55. g5 $1 $18 {[%mdl 512]} fxg5 56. Bxe5) 55... Kxa6 $16 56. Kc4 $1 {[%cal Rc4d5]} Nb6+ 57. Kc5 {Schwarz muss nun Kd6 beachten.} Kb7 58. Kd6 Kc8 59. Ke6 Nd7 60. Be3 Kd8 61. Bd2 Ke8 62. Ba5 e4 63. Bd2 Kd8 64. Kd5 Ke8 65. Kxe4 Ne5 {[#]} 66. Kf4 $1 Nc6 67. Bc3 Kf7 68. Ke4 Ne7 69. Bb4 Ng8 70. Kf4 Nh6 71. Bc3 Ng8 72. Bb4 Nh6 73. Kg3 Ng8 74. Kh4 Kg7 75. Kh5 Kf7 76. Bc5 Kg7 {[#]} 77. Ba3 $1 Kf7 78. Bc5 Kg7 $1 79. Bd6 {Precision: Weiß = 79%, Schwarz = 60%.} 1/2-1/2

[Event "1st 4NCL International Open"]
[Site "Telford"]
[Date "2018.11.03"]
[Round "7"]
[White "Fodor, Tamas Jr."]
[Black "Dgebuadze, Alexandre"]
[Result "1-0"]
[WhiteElo "2520"]
[BlackElo "2484"]
[Annotator "TA"]
[PlyCount "77"]
[EventDate "2018.10.31"]
[EventType "swiss"]
[EventCountry "GBR"]
[SourceTitle "playchess.com"]
[Source "ChessBase"]
[SourceQuality "1"]

{[%evp 16,77,27,14,20,12,16,18,20,17,14,29,37,28,24,-17,-22,-29,-20,-40,-24,-25,-21,-8,0,-31,-15,-19,0,-11,132,4,84,77,156,162,286,283,450,435,885,870,1746,5797,5457,5587,4674,3179,1916,1638,1831,1454,1538,2044,2041,1643,1887,1897,1585,1504,1782,1692,29986,5393]} 1. d4 e6 2. Nf3 Nf6 3. Bg5 c5 4. e3 h6 5. Bh4 Qb6 6. Nbd2 d5 {A46: 1 d4 Nf6 2 Nf3 e6: Torre, London and Colle Systems} 7. Rb1 Nc6 8. c3 Bd7 (8... Be7 9. Bd3 Nh5 10. Bxe7 Nxe7 11. O-O Nf6 12. Ne5 O-O 13. f4 Ne8 14. Qh5 f6 15. Ng6 Nxg6 16. Bxg6 {1-0 (32) Andreikin,D (2716)-Karjakin,S (2772) Tromsoe 2013 CBM 156 [Andreikin,D]}) 9. Bd3 {LiveBook: 4 Games} cxd4 10. exd4 Nh5 11. O-O g5 {...Nf4 is the strong threat.} 12. Ne1 Nf4 13. Bg3 Bd6 14. b4 $146 ({Predecessor:} 14. Bc2) 14... h5 15. h4 (15. Bxf4 $5 Bxf4 16. Nc2 $11) 15... gxh4 16. Bxh4 Rg8 17. Kh1 Ne7 18. Ndf3 Rc8 19. Rc1 Neg6 20. g3 Nxd3 21. Nxd3 Bb5 22. Re1 Qa6 (22... Nxh4 $11 {keeps the balance.} 23. Nxh4 Qd8) 23. Nde5 (23. Nc5 $16 Bxc5 24. dxc5) 23... Bxe5 (23... Qxa2 $11 24. Nxf7 Kxf7 25. Ng5+ Ke7 26. Qxh5 Kd7 27. Rxe6 Qxf2 28. Rxg6 Rxg6 29. Qxg6 Qe3) 24. Nxe5 $16 Nxh4 (24... Nxe5 $142 25. Rxe5 Kd7) 25. gxh4 Qxa2 {[#]} (25... Ke7 $142) 26. Qf3 $1 $18 {[%cal Rf3f7]} ({Less strong is} 26. Rc2 Qa6 $14) 26... Rf8 (26... Rc7 {was necessary.} 27. Ra1 Qd2) 27. Qf6 {Nxf7! would kill now.} Rc7 {[#]} (27... Qa6 $142 28. Ra1 Qd6 29. Nxf7 (29. Rxa7 Qd8 $16) 29... Kd7 30. Rxa7 Rxc3 31. Nxd6 Rxf6) 28. Ng6 $1 {[%mdl 512] Intending Rxe6+! and mate.} Rg8 {[#]} (28... fxg6 29. Rxe6+) 29. Rxe6+ $1 {[%mdl 512]} fxe6 30. Qxe6+ Kd8 31. Qxg8+ Be8 32. Re1 {[%csl Ge1][%cal Rg8e8]} Qa4 33. Qxd5+ Kc8 34. Qe6+ Kd8 35. Qd6+ Kc8 36. Ne7+ Rxe7 37. Rxe7 {[%csl Ge7][%cal Rd6c7]} Bd7 38. Kh2 b6 39. c4 {Precision: White = 65%, Black = 39%.} (39. d5 $142 a5 40. Rh7 axb4 41. c4 Kb7 42. Rxd7+ Qxd7 43. Qxd7+ Ka6 44. d6) 1-0

[Event "1st 4NCL International Open"]
[Site "Telford"]
[Date "2018.11.03"]
[Round "7"]
[White "Gormally, Daniel W"]
[Black "Hebden, Mark L"]
[Result "1/2-1/2"]
[WhiteElo "2482"]
[BlackElo "2426"]
[Annotator "TA"]
[PlyCount "78"]
[EventDate "2018.10.31"]
[EventType "swiss"]
[EventCountry "GBR"]
[SourceTitle "playchess.com"]
[Source "ChessBase"]
[SourceQuality "1"]

{[%evp 18,78,33,24,46,39,31,30,43,25,23,21,21,25,29,19,41,13,38,45,54,40,46,13,8,12,67,29,69,71,69,71,68,42,42,43,42,43,41,44,45,40,38,37,44,54,66,35,62,62,44,34,54,26,15,15,3,0,0,-6,-5,-5,-10]} 1. e4 e5 2. Nf3 Nc6 3. Bb5 a6 4. Ba4 Nf6 5. O-O Be7 6. Re1 b5 7. Bb3 O-O 8. a4 Bb7 9. d3 d6 10. Nbd2 {[%cal Bb1d2,Bd2f1,Bf1g3,Bg3f5][%mdl 32] LiveBook: 401 Games} Nb4 {C88: Closed Ruy Lopez: Anti-Marshall Systems} (10... Qd7 11. Nf1 Nd8 12. Ng3 Ne6 13. Nf5 Bd8 14. Ng5 Nxg5 15. Bxg5 g6 16. Ne3 Ng4 17. Bxd8 Nxe3 18. Rxe3 Raxd8 19. axb5 axb5 {½-½ (29) Svidler,P (2760)-Efimenko,Z (2636) Germany 2018}) 11. Nf1 c5 12. Bd2 Nc6 {White has an edge.} 13. Ng3 $146 ({Predecessor:} 13. c3 Qd7 14. Ng3 g6 15. Bg5 Nd8 16. d4 exd4 17. cxd4 c4 18. Bc2 {1-0 (38) Gromotka,H (2345)-Speisser,P (2178) ICCF email 2017}) 13... b4 14. c3 bxc3 15. bxc3 Na5 16. Bc2 Qc7 17. h3 Rab8 18. Nf5 Bc8 19. Nxe7+ Qxe7 20. Bg5 {[%cal Bd2g5,Bg5h4,Bh4g3][%mdl 32]} h6 21. Bh4 Qe6 (21... g5 $11 22. Bg3 Nh5) 22. Nd2 Nh7 23. Rb1 Bd7 24. Nf1 Qg6 25. Bg3 Nf6 26. d4 cxd4 $1 27. cxd4 Nc6 28. dxe5 dxe5 29. Rxb8 Rxb8 30. Qd6 Re8 31. Bd3 Nd4 32. Nd2 Re6 33. Qc7 Bxa4 34. Bxe5 Qg5 35. Bf4 Ne8 36. Bxg5 {The position is equal.} Nxc7 37. Bd8 Bb5 38. Bxc7 {[#] Threatens to win with Bb1.} Bxd3 39. f3 Rc6 {Precision: White = 57%, Black = 64%.} 1/2-1/2